[Event "81st ch-ESP 2016"]
[White "Bravo Barranco, Narciso"]
[Black "Suarez Garcia, Carlos"]
[Site "Linares ESP"]
[Result "0-1"]
[Date "2016.08.07"]
[WhiteElo "2251"]
[BlackElo "2426"]
[PlyCount "30"]

1. e4 e6 2. d4 d5 3. Nd2 h6 4. exd5 exd5 5. Bd3 Nf6 6. Ngf3 c5 7. 0-0 c4 8. Re1+ Be7 9. Bf1 0-0 10. Ne5 Bf5 11. c3 Nc6 12. b3 cxb3 13. axb3 Nxe5 14. Rxe5 Be6 15. Ba3 Bxa3 0-1

[Event "81st ch-ESP 2016"]
[White "Navarro Lopez-Menchero, Daniel"]
[Black "Teran Alvarez, Ismael"]
[Site "Linares ESP"]
[Result "0-1"]
[Date "2016.08.07"]
[WhiteElo "2233"]
[BlackElo "2413"]
[PlyCount "58"]

1. Nf3 c5 2. e4 e6 3. d4 cxd4 4. Nxd4 Nc6 5. Nc3 Qc7 6. Be2 a6 7. 0-0 Nf6 8. Be3 Be7 9. f4 d6 10. Kh1 0-0 11. Qe1 Nxd4 12. Bxd4 b5 13. Bf3 Bb7 14. Qg3 Rad8 15. a4 b4 16. e5 dxe5 17. Bxe5 Qc8 18. Ne4 Bxe4 19. Bxe4 g6 20. Bd3 Nh5 21. Qg4 f6 22. f5 fxe5 23. fxg6 Nf4 24. Rxf4 Rxf4 25. Qh5 h6 26. Qxe5 Rf6 27. Re1 Qc5 28. Qe4 Kg7 29. h3 Qd5 0-1

[Event "81st ch-ESP 2016"]
[White "Garza Marco, Sergio"]
[Black "Guerra Rivera, Salvador"]
[Site "Linares ESP"]
[Result "1-0"]
[Date "2016.08.07"]
[WhiteElo "2391"]
[BlackElo "2285"]
[PlyCount "61"]

1. d4 Nf6 2. c4 d6 3. Nc3 Bf5 4. Nf3 g6 5. g3 Ne4 6. Nxe4 Bxe4 7. Bh3 Bg7 8. 0-0 Bxf3 9. exf3 0-0 10. d5 Nd7 11. Re1 c6 12. Bg5 Re8 13. Rc1 h6 14. Bd2 Bxb2 15. Rb1 Bg7 16. Rxb7 Nc5 17. Rb1 Qc7 18. Qe2 Na4 19. Qd3 Nb6 20. Be6 fxe6 21. Qxg6 e5 22. Bxh6 e6 23. dxe6 Kh8 24. Re4 Re7 25. Bg5 Kg8 26. f4 d5 27. cxd5 cxd5 28. Rxe5 Kh8 29. Bxe7 Bxe5 30. Qh5+ Kg7 31. Qf7+ 1-0

[Event "81st ch-ESP 2016"]
[White "Lopez Martinez, Josep Manuel"]
[Black "Sanchez Jerez, Emilio Miguel"]
[Site "Linares ESP"]
[Result "1-0"]
[Date "2016.08.07"]
[WhiteElo "2550"]
[BlackElo "2244"]
[PlyCount "125"]

1. e4 Nc6 2. Nf3 e5 3. Bc4 Nf6 4. d3 Bc5 5. c3 d6 6. a4 a6 7. 0-0 Ba7 8. Re1 h6 9. Na3 g5 10. Be3 Bxe3 11. Rxe3 g4 12. Ne1 d5 13. exd5 Nxd5 14. Bxd5 Qxd5 15. d4 Be6 16. dxe5 0-0-0 17. Qe2 Qd2 18. Nac2 Rd5 19. f4 gxf3 20. Nxf3 Qxe2 21. Rxe2 Bg4 22. Rf1 Re8 23. h3 Bxf3 24. Rxf3 Nxe5 25. Rff2 Rd7 26. Nd4 Rde7 27. Nf5 Re6 28. Ng7 Nf3+ 29. Rxf3 Rxe2 30. Nxe8 Rxe8 31. Rxf7 Re6 32. Rf4 a5 33. Rf5 Re2 34. Rf2 Re1+ 35. Kh2 Ra1 36. g4 Rxa4 37. Kg3 Rc4 38. Kh4 a4 39. Kh5 a3 40. bxa3 Rxc3 41. h4 Rc6 42. g5 hxg5 43. hxg5 Rc3 44. g6 Rg3 45. Rf7 b5 46. g7 Kb7 47. Kh6 Rh3+ 48. Kg6 Rg3+ 49. Kf6 Rf3+ 50. Ke7 Re3+ 51. Kd8 Rd3+ 52. Rd7 Rg3 53. Rxc7+ Kb6 54. Kc8 Rg6 55. Rb7+ Kc6 56. Rf7 Rg3 57. Kd8 Rd3+ 58. Ke7 Re3+ 59. Kf6 Rf3+ 60. Ke5 Rg3 61. Kf5 Kc5 62. Kf4 Rg6 63. Rf5+ 1-0

[Event "81st ch-ESP 2016"]
[White "Perera Borrego, Mariela"]
[Black "Cuenca Jimenez, Jose Fernando"]
[Site "Linares ESP"]
[Result "0-1"]
[Date "2016.08.07"]
[WhiteElo "2157"]
[BlackElo "2541"]
[PlyCount "70"]

1. d4 Nf6 2. Nf3 g6 3. c4 Bg7 4. Nc3 0-0 5. e4 d6 6. h3 e5 7. d5 Nh5 8. g3 Na6 9. a3 f5 10. exf5 gxf5 11. Ng5 Nf6 12. g4 Qe7 13. gxf5 Bxf5 14. Rg1 Kh8 15. Qf3 Qd7 16. Be3 Nc5 17. Bxc5 dxc5 18. Be2 Rae8 19. Qg3 h6 20. Qh4 Qe7 21. 0-0-0 Nh7 22. Nf3 e4 23. Qxe7 Rxe7 24. Nh4 Ng5 25. Bg4 Bh7 26. Rg2 Bd4 27. Bh5 Rg7 28. Rf1 Rf4 29. Rg4 Nxh3 30. Rxf4 Nxf4 31. Bd1 Bf6 32. Rh1 Nd3+ 33. Kd2 Nxf2 34. Rh2 Nd3 35. Nf5 Bxc3+ 0-1

[Event "81st ch-ESP 2016"]
[White "Fernandez Gonzalez, Sergio"]
[Black "Huerga Leache, Mikel"]
[Site "Linares ESP"]
[Result "0-1"]
[Date "2016.08.07"]
[WhiteElo "2100"]
[BlackElo "2455"]
[PlyCount "74"]

1. f4 Nf6 2. Nf3 g6 3. g3 Bg7 4. Bg2 0-0 5. 0-0 d6 6. d3 e5 7. fxe5 dxe5 8. e4 Qd6 9. Kh1 Bg4 10. Be3 Nc6 11. Qc1 Bxf3 12. Bxf3 Nd4 13. Bd1 Qd7 14. Kg2 Rad8 15. Bg5 Qe7 16. Nc3 c6 17. a3 Rd6 18. b4 Qd7 19. h3 Ne8 20. Na4 b6 21. Nb2 b5 22. c3 Ne6 23. Bg4 Qb7 24. Be3 N8c7 25. a4 a6 26. axb5 cxb5 27. Qc2 f5 28. Bf3 f4 29. gxf4 Nxf4+ 30. Bxf4 Rxf4 31. Bg4 Rxf1 32. Rxf1 h5 33. Bd1 Ne6 34. Qf2 Nf4+ 35. Kh2 Kh7 36. Bc2 Qc8 37. Qg3 Qxc3 0-1

[Event "81st ch-ESP 2016"]
[White "Alvarado Diaz, Alejandro"]
[Black "Queirolo Perez, Manuel"]
[Site "Linares ESP"]
[Result "1-0"]
[Date "2016.08.07"]
[WhiteElo "2441"]
[BlackElo "2096"]
[PlyCount "45"]

1. d4 Nf6 2. Bg5 e6 3. e4 Be7 4. e5 Nd5 5. Bd2 d6 6. c4 Nb6 7. Qg4 dxe5 8. dxe5 Kf8 9. Nc3 h5 10. Qg3 Bd7 11. 0-0-0 Qe8 12. Nf3 Na6 13. Ng5 Nb4 14. Kb1 Na4 15. Nce4 Bc6 16. b3 Rd8 17. Be2 Nb6 18. Nf6 gxf6 19. exf6 Bxf6 20. Bxb4+ Be7 21. Bc3 Bxg5 22. Qxg5 Be4+ 23. Ka1 1-0

[Event "81st ch-ESP 2016"]
[White "Redondo Benavente, Ana"]
[Black "Cruz Ravina, Francisco Javier"]
[Site "Linares ESP"]
[Result "0-1"]
[Date "2016.08.07"]
[WhiteElo "2088"]
[BlackElo "2345"]
[PlyCount "132"]

1. e4 e6 2. d4 d5 3. Nc3 Bb4 4. exd5 exd5 5. Bd3 c6 6. Nge2 Ne7 7. 0-0 0-0 8. Ng3 Nd7 9. Qf3 Ng6 10. Nf5 Nh4 11. Qg3 Nxf5 12. Bxf5 Re8 13. Bg5 Be7 14. Bf4 Bh4 15. Qh3 Nf8 16. Bxc8 Rxc8 17. Rfe1 Ne6 18. Ne2 Qf6 19. g3 Bg5 20. Be5 Qf3 21. Qg2 Qxg2+ 22. Kxg2 f6 23. Bd6 Rcd8 24. Ba3 f5 25. b3 Rd7 26. Rad1 Kf7 27. Nc1 Bxc1 28. Bxc1 Nf8 29. Rxe8 Kxe8 30. Re1+ Kf7 31. Ba3 Ne6 32. c3 Rd8 33. Re5 Kf6 34. f4 g6 35. Kf2 Kf7 36. Kf3 Re8 37. h3 Nc7 38. Bb2 Rxe5 39. dxe5 Ne6 40. Bc1 Ke8 41. Be3 b6 42. Ke2 Kd7 43. Kd3 c5 44. a4 Kc6 45. b4 a6 46. Bf2 g5 47. fxg5 Nxg5 48. g4 Nxh3 49. gxf5 Nxf2+ 50. Ke3 Ne4 51. bxc5 Nxc5 52. Kd4 h5 53. e6 Nxe6+ 54. fxe6 Kd6 55. e7 Kxe7 56. Kxd5 h4 57. Kc6 h3 58. Kxb6 h2 59. Kxa6 h1=Q 60. a5 Qc6+ 61. Ka7 Qxc3 62. a6 Qc6 63. Kb8 Qb6+ 64. Ka8 Qxa6+ 65. Kb8 Qc6 66. Ka7 Qb5 0-1

[Event "81st ch-ESP 2016"]
[White "Domingo Nunez, Alejandro"]
[Black "Pereira Figueroa, Manuel"]
[Site "Linares ESP"]
[Result "1-0"]
[Date "2016.08.07"]
[WhiteElo "2344"]
[BlackElo "2088"]
[PlyCount "193"]

1. e4 c5 2. d4 cxd4 3. c3 Nf6 4. e5 Nd5 5. Nf3 e6 6. cxd4 d6 7. a3 g6 8. Bd3 Bg7 9. 0-0 Nc6 10. Re1 dxe5 11. dxe5 Qc7 12. Qe2 0-0 13. Bd2 Rd8 14. Qe4 b6 15. Bg5 Rd7 16. Nbd2 h6 17. Bh4 Bb7 18. Rac1 Rf8 19. Bb1 Qb8 20. Qa4 Rc7 21. Rcd1 a6 22. Qg4 Nce7 23. Ne4 Nf5 24. Bf6 Nxf6 25. Nxf6+ Bxf6 26. exf6 Bxf3 27. Qxf3 Rc5 28. Rd7 Rd8 29. Qd3 Rxd7 30. Qxd7 Rd5 31. Qa4 b5 32. Qxa6 Qd8 33. Qb7 Qxf6 34. Be4 Qe5 35. Qc8+ Kg7 36. Qc1 Rc5 37. Qd2 Qf6 38. h3 Rc4 39. Bd3 Rd4 40. Qc3 Rd5 41. Qxf6+ Kxf6 42. Bf1 Rc5 43. Rd1 e5 44. b4 Rc3 45. Bxb5 Nd4 46. a4 Rb3 47. Bf1 Rxb4 48. a5 Ra4 49. a6 Kg7 50. Rc1 h5 51. Kh2 h4 52. Rc7 Ne6 53. Rc8 Ra2 54. Bc4 Ra5 55. Rc6 Kf6 56. Rc8 Ra4 57. Bb5 Ra5 58. Bc4 Ra4 59. Bd3 Kg7 60. Bb5 Ra5 61. Rb8 Nc7 62. Bf1 Ra4 63. Rb6 Ne6 64. Bb5 Ra5 65. Bc6 Nc7 66. Bb7 Nd5 67. Rb3 Nc7 68. Rb6 Nd5 69. Rc6 Ne7 70. Rd6 Nf5 71. Rd5 Ra3 72. Rxe5 Nd6 73. Re3 Ra1 74. Rb3 Ne8 75. Rb6 Ra5 76. Rc6 Ra3 77. Bc8 Ra5 78. Bg4 Nf6 79. Bf3 Nd7 80. Rc7 Ne5 81. Be2 Ra2 82. Bb5 Ra5 83. a7 g5 84. g3 hxg3+ 85. Kxg3 Ra3+ 86. Kg2 Kf6 87. h4 Kg6 88. hxg5 Kxg5 89. Bf1 f5 90. Kh2 Nf3+ 91. Kg2 Nh4+ 92. Kh1 Ra1 93. Kh2 Nf3+ 94. Kg3 Ra3 95. a8=Q Rxa8 96. Kxf3 Ra3+ 97. Kg2 1-0

[Event "81st ch-ESP 2016"]
[White "Meneses Gonzalez, Kevin Moises"]
[Black "Buiza Prieto, Eihartze"]
[Site "Linares ESP"]
[Result "1/2-1/2"]
[Date "2016.08.07"]
[WhiteElo "2337"]
[BlackElo "2085"]
[PlyCount "133"]

1. e4 c5 2. Nf3 Nc6 3. d4 cxd4 4. Nxd4 g6 5. c4 Bg7 6. Nc2 d6 7. Be2 Qb6 8. Nd2 Nf6 9. 0-0 0-0 10. Rb1 Be6 11. b3 a6 12. Bb2 Rab8 13. Kh1 Qa7 14. a4 b6 15. Ne3 Bd7 16. Re1 Rfd8 17. Bf1 e6 18. f4 Ne7 19. e5 dxe5 20. fxe5 Ne8 21. Qc2 Bc6 22. Ne4 Bxe4 23. Qxe4 Nf5 24. Ng4 Qe7 25. Qf4 h5 26. Ne3 Qh4 27. Qxh4 Nxh4 28. Red1 Bh6 29. Nc2 Nf5 30. Nb4 Rxd1 31. Rxd1 Ne3 32. Re1 a5 33. Nc6 Rb7 34. c5 Nxf1 35. Rxf1 Rc7 36. Nb8 bxc5 37. Rd1 Kh7 38. Rd8 Ng7 39. Nd7 Bg5 40. Nf8+ Kh6 41. Rd7 Rxd7 42. Nxd7 Bd2 43. Nxc5 Nf5 44. g3 Ne7 45. Kg2 Nd5 46. Kf3 g5 47. h3 Kg6 48. Ne4 Bb4 49. Bc1 Be7 50. Bd2 Nb4 51. Nd6 Nc6 52. Nc4 Nd4+ 53. Ke4 Nxb3 54. Bxa5 Nc5+ 55. Kf3 Nxa4 56. g4 hxg4+ 57. hxg4 Nc5 58. Bb4 Bf8 59. Bxc5 Bxc5 60. Ke4 Kg7 61. Nd2 Bb4 62. Nf3 Be7 63. Kd4 Kf8 64. Kc4 Ke8 65. Nd2 Kd7 66. Ne4 Kc6 67. Nd2 1/2-1/2

[Event "81st ch-ESP 2016"]
[White "Fernandez Diaz, Cristian"]
[Black "Gil Quilez, Sonia"]
[Site "Linares ESP"]
[Result "0-1"]
[Date "2016.08.07"]
[WhiteElo "2332"]
[BlackElo "2079"]
[PlyCount "36"]

1. d4 d5 2. c4 c6 3. e3 Nf6 4. Nf3 Bf5 5. Nc3 e6 6. Nh4 Be4 7. f3 Bg6 8. Qb3 Qc7 9. Bd2 Nbd7 10. Kf2 Be7 11. Nxg6 hxg6 12. g3 Bd6 13. Kg2 Bxg3 14. hxg3 Rxh1 15. Kxh1 Qxg3 16. Bg2 Qf2 17. Be1 Qxe3 18. Nd1 Qxe1+ 0-1

[Event "81st ch-ESP 2016"]
[White "Suarez Gomez, Julio"]
[Black "Vallejo Pons, Francisco"]
[Site "Linares ESP"]
[Result "0-1"]
[Date "2016.08.08"]
[WhiteElo "2429"]
[BlackElo "2713"]
[PlyCount "46"]

1. e4 c5 2. Nf3 d6 3. d4 cxd4 4. Nxd4 Nf6 5. Nc3 Bd7 6. f3 e5 7. Nb3 Be7 8. Be3 0-0 9. Qd2 a5 10. a4 Na6 11. Nd5 Nxd5 12. exd5 f5 13. f4 Bh4+ 14. g3 exf4 15. Bxf4 Re8+ 16. Kf2 Bf6 17. Qxa5 Qc8 18. Bb5 Nc5 19. Bxd7 Ne4+ 20. Kf3 Qxc2 21. Qb6 Ng5+ 22. Bxg5 Qe2+ 23. Kf4 Qe4# 0-1

[Event "81st ch-ESP 2016"]
[White "Espinosa Aranda, Angel"]
[Black "Narciso Dublan, Marc"]
[Site "Linares ESP"]
[Result "1/2-1/2"]
[Date "2016.08.08"]
[WhiteElo "2422"]
[BlackElo "2482"]
[PlyCount "100"]

1. e4 e6 2. d4 d5 3. Bd3 dxe4 4. Bxe4 Nf6 5. Bf3 c5 6. Ne2 Nc6 7. Be3 cxd4 8. Nxd4 Ne5 9. Nc3 Be7 10. Ndb5 Nxf3+ 11. gxf3 Bd7 12. Nd6+ Bxd6 13. Qxd6 Bc6 14. Qa3 b6 15. Rg1 Qe7 16. Qxe7+ Kxe7 17. Rxg7 Nh5 18. Rg5 Bxf3 19. a4 f6 20. Rg1 Rhg8 21. Ne2 Rxg1+ 22. Nxg1 Be4 23. c4 Ng7 24. a5 Nf5 25. Ke2 Nxe3 26. Kxe3 Bb7 27. Ne2 e5 28. Nc3 bxa5 29. Rxa5 a6 30. b4 Rc8 31. c5 Ke6 32. Ne4 Bxe4 33. Kxe4 Rc6 34. f4 f5+ 35. Kd3 exf4 36. Kd4 Kd7 37. Ra3 Rh6 38. h3 f3 39. Rxf3 Rh4+ 40. Kd5 Rxb4 41. Rxf5 Rh4 42. Rf7+ Kc8 43. Rf6 Kc7 44. Rc6+ Kd7 45. Rd6+ Kc7 46. Rxa6 Rh5+ 47. Kc4 Rxh3 48. Ra7+ Kc6 49. Ra6+ Kc7 50. Ra7+ Kc6 1/2-1/2

[Event "81st ch-ESP 2016"]
[White "Jimenez Bernal, Francisco"]
[Black "Gonzalez De La Torre, Santiago"]
[Site "Linares ESP"]
[Result "0-1"]
[Date "2016.08.08"]
[WhiteElo "2237"]
[BlackElo "2452"]
[PlyCount "70"]

1. d4 Nf6 2. c4 c5 3. d5 e6 4. Nc3 exd5 5. cxd5 Bd6 6. Nf3 Bc7 7. e4 d6 8. Be2 0-0 9. 0-0 a6 10. a4 Nbd7 11. Bf4 Re8 12. Nd2 Nf8 13. Re1 Rb8 14. Bf1 Ng6 15. Bg3 Ne5 16. Bxe5 dxe5 17. Nc4 b5 18. axb5 axb5 19. d6 bxc4 20. dxc7 Qxc7 21. Bxc4 Rxb2 22. Nb5 Qb8 23. Qd3 Be6 24. Rab1 Rd8 25. Rxb2 Rxd3 26. Bxd3 c4 27. Bf1 g6 28. f3 Qb6+ 29. Kh1 h5 30. Rc1 h4 31. h3 Nh5 32. Rbb1 Qf2 33. Nc7 Bxh3 34. Kh2 Ng3 35. Kxh3 Nxf1 0-1

[Event "81st ch-ESP 2016"]
[White "Forcen Esteban, Daniel"]
[Black "Vega Gutierrez, Sabrina"]
[Site "Linares ESP"]
[Result "1-0"]
[Date "2016.08.08"]
[WhiteElo "2561"]
[BlackElo "2408"]
[PlyCount "89"]

1. e4 c5 2. Nf3 Nc6 3. Nc3 Nf6 4. Bb5 g6 5. h3 Bg7 6. e5 Ng8 7. 0-0 Nxe5 8. Nxe5 Bxe5 9. Re1 Bg7 10. d4 a6 11. Bc4 Bxd4 12. Bf4 d6 13. Qf3 Nf6 14. Bh6 Be6 15. Bxe6 fxe6 16. Bg7 Rg8 17. Bxf6 Rf8 18. Rxe6 Rxf6 19. Rxf6 Bxf6 20. Re1 Bxc3 21. Qxc3 Kd7 22. Qf3 Rb8 23. Qg4+ Kc6 24. Qa4+ Kb6 25. Qh4 e5 26. Qxh7 Qg8 27. Qe7 Kc6 28. Rd1 Rd8 29. b3 Rd7 30. Qf6 Qh7 31. Rd3 Qh6 32. Re3 Kc7 33. c4 b5 34. Qe6 Qf4 35. Rf3 Qe4 36. Rf8 bxc4 37. bxc4 g5 38. g3 d5 39. Qxa6 Qb1+ 40. Kh2 Qb7 41. Qa5+ Kd6 42. Rf6+ Ke7 43. Rh6 Qc7 44. Qd2 Kd8 45. Rh8+ 1-0

[Event "81st ch-ESP 2016"]
[White "Teran Alvarez, Ismael"]
[Black "Vazquez Igarza, Renier"]
[Site "Linares ESP"]
[Result "0-1"]
[Date "2016.08.08"]
[WhiteElo "2413"]
[BlackElo "2589"]
[PlyCount "72"]

1. e4 c5 2. Nf3 e6 3. d4 cxd4 4. Nxd4 Nc6 5. Nc3 Qc7 6. Be2 Nf6 7. 0-0 Be7 8. Be3 0-0 9. f4 d6 10. Kh1 Bd7 11. Qe1 Nxd4 12. Bxd4 Bc6 13. Qg3 a6 14. Rae1 b5 15. a3 Rad8 16. Bf3 Ne8 17. Nd5 exd5 18. exd5 Bb7 19. Rxe7 Qxe7 20. Re1 Qc7 21. Rxe8 f6 22. Re2 Qc4 23. Rd2 Rde8 24. h3 Bc8 25. Qf2 Bf5 26. b3 Qc7 27. Kh2 Kh8 28. Bb6 Qc3 29. Bd4 Qa5 30. c4 Qxa3 31. c5 Qxb3 32. cxd6 Qb4 33. Bc5 Qxf4+ 34. g3 Qh6 35. Bg2 Bd7 36. Ra2 Qh5 0-1

[Event "81st ch-ESP 2016"]
[White "Ladron De Guevara Pinto, Paolo"]
[Black "Alonso Rosell, Alvar"]
[Site "Linares ESP"]
[Result "1/2-1/2"]
[Date "2016.08.08"]
[WhiteElo "2369"]
[BlackElo "2524"]
[PlyCount "76"]

1. e4 d6 2. d4 Nf6 3. Nc3 e5 4. Nf3 Nbd7 5. Bc4 Be7 6. a4 0-0 7. 0-0 a5 8. Re1 c6 9. h3 Nb6 10. Bb3 Nfd7 11. Be3 exd4 12. Bxd4 Nc5 13. Bxc5 dxc5 14. Qe2 Qd6 15. Qe3 Qg6 16. Ne5 Qh5 17. Nc4 Nxc4 18. Bxc4 Be6 19. Bxe6 fxe6 20. e5 Qf5 21. Ne4 Rad8 22. f4 h5 23. Re2 Rd4 24. c3 Rd5 25. Rf1 h4 26. Rf3 Rfd8 27. g4 hxg3 28. Rxg3 Bh4 29. Nf6+ Bxf6 30. exf6 Qxf6 31. Qxe6+ Qxe6 32. Rxe6 Rd1+ 33. Kf2 R8d2+ 34. Re2 Rxe2+ 35. Kxe2 Rb1 36. Kd3 Rxb2 37. Kc4 Rf2 38. Kxc5 Rxf4 1/2-1/2

[Event "81st ch-ESP 2016"]
[White "Del Rio De Angelis, Salvador G."]
[Black "Garza Marco, Sergio"]
[Site "Linares ESP"]
[Result "1-0"]
[Date "2016.08.08"]
[WhiteElo "2522"]
[BlackElo "2391"]
[PlyCount "93"]

1. d4 Nf6 2. c4 g6 3. Nc3 Bg7 4. e4 d6 5. Nf3 0-0 6. Be2 Na6 7. 0-0 e5 8. Be3 Ng4 9. Bg5 Qe8 10. h3 h6 11. Bc1 exd4 12. Nxd4 Nf6 13. Bd3 Nc5 14. Re1 c6 15. Bc2 Nfd7 16. Be3 Qe7 17. Qd2 Kh7 18. Rad1 Nb6 19. b3 Bd7 20. Nf5 Bxf5 21. exf5 Qf6 22. Bd4 Qxd4 23. Qxd4 Bxd4 24. fxg6+ fxg6 25. Rxd4 Nc8 26. b4 Na6 27. Rg4 Nxb4 28. Bxg6+ Kh8 29. Bb1 Rg8 30. Rh4 Kg7 31. Re3 Nb6 32. Re7+ Kf8 33. Rxb7 Rg7 34. Rf4+ Kg8 35. Rg4 Rxg4 36. hxg4 c5 37. a3 Nc6 38. Be4 Rc8 39. Bf5 Rb8 40. Be6+ Kf8 41. Rf7+ Ke8 42. Rh7 Nd8 43. Rh8+ Ke7 44. Bd5 Nc8 45. Rh7+ Kf8 46. Rxh6 Kg7 47. g5 1-0

[Event "81st ch-ESP 2016"]
[White "Matnadze, Ana"]
[Black "Andres Gonzalez, Alberto"]
[Site "Linares ESP"]
[Result "1/2-1/2"]
[Date "2016.08.08"]
[WhiteElo "2355"]
[BlackElo "2512"]
[PlyCount "66"]

1. d4 Nf6 2. Nf3 e6 3. c4 b6 4. g3 Bb7 5. Bg2 Bb4+ 6. Bd2 Bxd2+ 7. Qxd2 0-0 8. 0-0 d6 9. Nc3 Ne4 10. Nxe4 Bxe4 11. Rfd1 Nd7 12. Bh3 a5 13. b3 Qe7 14. Rac1 Rae8 15. a3 h6 16. b4 axb4 17. axb4 Nf6 18. Ne1 Bc6 19. b5 Bb7 20. Ra1 Ra8 21. Bg2 Bxg2 22. Kxg2 Qd7 23. Qd3 d5 24. Nf3 dxc4 25. Qxc4 Qd5 26. Rac1 Ra5 27. Qxc7 Rxb5 28. Rb1 Rxb1 29. Rxb1 Qa2 30. Qxb6 Qxe2 31. Rb2 Qe4 32. Qd6 Qa8 33. Qc7 Qe4 1/2-1/2

[Event "81st ch-ESP 2016"]
[White "Arizmendi Martinez, Julen Luis"]
[Black "Montoliu Cervero, Francisco"]
[Site "Linares ESP"]
[Result "1/2-1/2"]
[Date "2016.08.08"]
[WhiteElo "2496"]
[BlackElo "2346"]
[PlyCount "93"]

1. d4 d5 2. c4 dxc4 3. e3 Nf6 4. Bxc4 e6 5. Nf3 c5 6. Qe2 Nc6 7. 0-0 Be7 8. dxc5 Bxc5 9. a3 Bd6 10. Nbd2 0-0 11. Rd1 Qe7 12. b4 e5 13. e4 Bg4 14. h3 Nd4 15. Qd3 Bxf3 16. Nxf3 a5 17. Bg5 axb4 18. axb4 Rxa1 19. Rxa1 Nxf3+ 20. Qxf3 Bxb4 21. Bxf6 gxf6 22. Bd5 Bc5 23. Qf5 b6 24. h4 Kh8 25. g3 Rg8 26. Kg2 b5 27. Ra6 Kg7 28. Rc6 Bd4 29. Qg4+ Kh8 30. Qf3 Kg7 31. Qg4+ Kh8 32. Qf3 Kg7 33. Qe2 b4 34. Qc4 Rd8 35. Rc7 Rd7 36. Rc8 Rd8 37. Rc7 Rd7 38. Rc8 Rd8 39. Rxd8 Qxd8 40. Bxf7 Qb6 41. Be8 Qb7 42. Bc6 Qc7 43. Qe6 b3 44. Qg4+ Kh6 45. Qe6 Kg7 46. Qg4+ Kh6 47. Qe6 1/2-1/2

[Event "81st ch-ESP 2016"]
[White "Asis Gargatagli, Hipolito"]
[Black "Carrasco Martinez, Juan M."]
[Site "Linares ESP"]
[Result "1/2-1/2"]
[Date "2016.08.08"]
[WhiteElo "2487"]
[BlackElo "2342"]
[PlyCount "143"]

1. e4 d6 2. d4 Nf6 3. Nc3 g6 4. Be3 Bg7 5. Qd2 c6 6. Nf3 b5 7. Bd3 Nbd7 8. 0-0 0-0 9. Ne2 a6 10. h3 e5 11. dxe5 dxe5 12. a4 Bb7 13. Ng3 Qe7 14. c4 b4 15. c5 a5 16. Qc2 Rfd8 17. Bc4 h6 18. Rad1 Bf8 19. Nh4 Kh7 20. Rd6 Nxc5 21. Bxc5 Rxd6 22. Bxd6 Qxd6 23. Bxf7 g5 24. Bg6+ Kh8 25. Nf3 Rd8 26. Qc4 Bc8 27. Bf5 Bb7 28. Qf7 Qe7 29. Nxe5 Qxe5 30. Qxb7 Bg7 31. b3 c5 32. Qb6 Rb8 33. Qxa5 h5 34. Bg6 h4 35. Nf5 Bf8 36. Qa7 c4 37. bxc4 b3 38. Ne3 Bc5 39. Ng4 Bxa7 40. Nxe5 Kg7 41. Bf5 b2 42. Rb1 Rb3 43. Nc6 Bc5 44. e5 Nh5 45. Bc2 Rb6 46. Na5 Bd4 47. c5 Bxc5 48. Nc4 Rb4 49. Nxb2 Nf4 50. Nd1 Rc4 51. Rb7+ Kf8 52. Bb3 Re4 53. Ne3 Rxe5 54. a5 Ne2+ 55. Kf1 Bxe3 56. fxe3 Ng3+ 57. Kf2 Rf5+ 58. Ke1 Rxa5 59. Kd2 Rf5 60. Kd3 Re5 61. Rf7+ Ke8 62. Ra7 Kf8 63. Bc4 Ke8 64. Kd4 Re4+ 65. Kd3 Re5 66. Rb7 Kd8 67. Ra7 Ke8 68. Bf7+ Kd8 69. Bg6 Rd5+ 70. Kc4 Rd2 71. Ra5 Nf1 72. Rxg5 1/2-1/2

[Event "81st ch-ESP 2016"]
[White "Portela Peleteiro, Alberto"]
[Black "Cuenca Jimenez, Jose Fernando"]
[Site "Linares ESP"]
[Result "1-0"]
[Date "2016.08.08"]
[WhiteElo "2340"]
[BlackElo "2541"]
[PlyCount "121"]

1. e4 c5 2. Nf3 d6 3. d4 cxd4 4. Nxd4 Nf6 5. Nc3 g6 6. Be3 Bg7 7. f3 0-0 8. Qd2 Nc6 9. Bc4 Bd7 10. 0-0-0 Rb8 11. Bb3 Na5 12. Bh6 Bxh6 13. Qxh6 b5 14. Nd5 e5 15. Nf5 Nxb3+ 16. axb3 Bxf5 17. exf5 Nxd5 18. Rxd5 Rb6 19. Rhd1 Qf6 20. g4 Rc8 21. f4 exf4 22. g5 Qg7 23. Qxg7+ Kxg7 24. f6+ Kg8 25. R1d4 h6 26. gxh6 Rc5 27. b4 Rxd5 28. Rxd5 Kh7 29. Kd2 Kxh6 30. h4 f3 31. Ke3 Rc6 32. c3 Rc4 33. Kxf3 Rxh4 34. Rxb5 g5 35. Ra5 Rf4+ 36. Kg3 Rxf6 37. Rxa7 Kg6 38. b5 Rf5 39. c4 Rf4 40. Rc7 Rd4 41. b6 Rd3+ 42. Kf2 Rb3 43. Rc6 Kf5 44. Rxd6 Rxb2+ 45. Ke3 g4 46. c5 g3 47. Kf3 Rb3+ 48. Kg2 Ke5 49. Rd2 Ke6 50. Rd6+ Ke5 51. Rd8 Kf4 52. Rd2 Kg4 53. Rd4+ Kg5 54. Rc4 f5 55. c6 f4 56. c7 Rb2+ 57. Kf3 Rb3+ 58. Ke4 Re3+ 59. Kd5 Re8 60. b7 g2 61. Rc1 1-0

[Event "81st ch-ESP 2016"]
[White "Plazuelo Pascual, Juan"]
[Black "Lopez Martinez, Josep Manuel"]
[Site "Linares ESP"]
[Result "0-1"]
[Date "2016.08.08"]
[WhiteElo "2256"]
[BlackElo "2550"]
[PlyCount "116"]

1. d4 d6 2. Nf3 g6 3. c4 Bg7 4. Nc3 c6 5. e4 Bg4 6. Be2 Bxf3 7. Bxf3 Qb6 8. d5 Nd7 9. 0-0 Qb4 10. Qb3 a5 11. Be2 Ngf6 12. Qc2 Nc5 13. Bd2 Qb6 14. Be3 Nfd7 15. Rab1 0-0 16. Na4 Qc7 17. Nxc5 Nxc5 18. b3 Nd7 19. Rfc1 c5 20. a4 Bd4 21. Bxd4 cxd4 22. Qd2 Qc5 23. Rd1 Ra6 24. Bg4 Nf6 25. Bf3 Rb6 26. Qb2 Nd7 27. Bg4 Ne5 28. Be2 Rb4 29. Qa1 Qb6 30. Qb2 Nd7 31. Qxd4 Qxd4 32. Rxd4 Nc5 33. Bd1 Nxa4 34. Ra1 Nc5 35. Rxa5 Rxb3 36. Ra1 Rb4 37. Rc1 Ra8 38. Rd2 Ra3 39. f3 Kg7 40. Rcc2 Kf6 41. Be2 Ke5 42. Kf2 g5 43. Rd1 Rab3 44. Rdd2 Rb1 45. Ra2 h5 46. Ra8 R4b2 47. Rxb2 Rxb2 48. Rh8 Kd4 49. Rxh5 Nd3+ 50. Kg3 Rxe2 51. Rxg5 Ne1 52. Kh3 Kxc4 53. Rg7 b5 54. Rxf7 b4 55. Rxe7 b3 56. Rc7+ Kd4 57. Rb7 b2 58. e5 Kxe5 0-1

[Event "81st ch-ESP 2016"]
[White "Munoz, Miguel"]
[Black "Silva Rodriguez, Fernando"]
[Site "Linares ESP"]
[Result "1-0"]
[Date "2016.08.08"]
[WhiteElo "2451"]
[BlackElo "2255"]
[PlyCount "93"]

1. e4 e5 2. d4 exd4 3. Qxd4 Nc6 4. Qe3 g6 5. Nc3 Bg7 6. b3 Nf6 7. Bb2 0-0 8. 0-0-0 Re8 9. f3 d5 10. Nge2 d4 11. Nxd4 Ng4 12. Nxc6 Qxd1+ 13. Nxd1 Nxe3 14. Nxe3 bxc6 15. Bxg7 Kxg7 16. Bd3 f5 17. Kd2 fxe4 18. Bxe4 Bd7 19. Kc3 Re6 20. Nc4 Rae8 21. Rd1 R8e7 22. Kb4 Rf6 23. Kc5 Bf5 24. Bxf5 gxf5 25. Rd2 f4 26. a4 Ree6 27. Nb2 Re5+ 28. Kc4 Rd6 29. Nd3 Kf6 30. Rf2 Red5 31. Re2 Rd4+ 32. Kc3 Rd8 33. a5 R4d5 34. b4 Rf5 35. Re4 Kg5 36. Re7 h5 37. Rxc7 Re8 38. Rxa7 Re2 39. a6 Rf8 40. Rc7 h4 41. Rg7+ Kh5 42. a7 Kh6 43. Rg4 h3 44. Nxf4 Re3+ 45. Kd4 Ra3 46. g3 Rxa7 47. Rh4+ 1-0

[Event "81st ch-ESP 2016"]
[White "Jimenez Almeida, Luis David"]
[Black "Alvarado Diaz, Alejandro"]
[Site "Linares ESP"]
[Result "1-0"]
[Date "2016.08.08"]
[WhiteElo "2212"]
[BlackElo "2441"]
[PlyCount "125"]

1. d4 g6 2. Nf3 Bg7 3. c4 c5 4. g3 cxd4 5. Nxd4 Nc6 6. Nb3 d6 7. Nc3 Be6 8. Nd5 Rc8 9. Bg2 Qd7 10. 0-0 Nf6 11. Bg5 Ne5 12. Rc1 Bxd5 13. cxd5 Rxc1 14. Qxc1 0-0 15. Be3 Rc8 16. Qb1 Nc4 17. Bd4 Ne8 18. Rc1 Nd2 19. Nxd2 Bxd4 20. e3 Bg7 21. Rc4 Rxc4 22. Nxc4 Qb5 23. Qe4 Bf6 24. h4 Qb4 25. Qc2 b5 26. Na3 Bxb2 27. Qc6 Qxa3 28. Qxe8+ Kg7 29. Qxe7 Bf6 30. Qd7 b4 31. Bh3 Qxa2 32. Be6 Qa1+ 33. Kg2 Qe5 34. Qxf7+ Kh6 35. g4 Bxh4 36. Qf8+ Qg7 37. Qf4+ g5 38. Qxb4 Qf6 39. Bf5 Qe7 40. Qb5 Kg7 41. Qb2+ Qf6 42. Qb7+ Qf7 43. Qb2+ Qf6 44. Qa3 Kf8 45. Qxa7 Qb2 46. e4 Qf6 47. Qb8+ Kg7 48. Qc7+ Kf8 49. Qc8+ Kg7 50. Qd7+ Kf8 51. Qc7 Qe7 52. Qc3 Qe5 53. Qc8+ Qe8 54. Qc7 Qe7 55. Qb8+ Kg7 56. Be6 Qf8 57. Qc7+ Kf6 58. Qc3+ Ke7 59. Qc7+ Kf6 60. Qxh7 Ke5 61. Bf5 Qb8 62. Qg7+ Kf4 63. Qd4 1-0

[Event "81st ch-ESP 2016"]
[White "Santos Ruiz, Miguel"]
[Black "Alonso Alvarez, Aitor"]
[Site "Linares ESP"]
[Result "1-0"]
[Date "2016.08.08"]
[WhiteElo "2440"]
[BlackElo "2242"]
[PlyCount "119"]

1. e4 c5 2. Nf3 d6 3. d4 cxd4 4. Nxd4 Nf6 5. Nc3 g6 6. Be3 Bg7 7. f3 0-0 8. Qd2 Nc6 9. 0-0-0 d5 10. Qe1 e5 11. Nxc6 bxc6 12. exd5 cxd5 13. Bg5 Be6 14. Bc4 Qb6 15. Bxf6 Bxf6 16. Nxd5 Bxd5 17. Rxd5 e4 18. Rb5 Qc7 19. Qxe4 Rae8 20. Qd3 Qf4+ 21. Kb1 Qxh2 22. Qf1 Qg3 23. a3 Rb8 24. Rxb8 Rxb8 25. Bb3 Qe5 26. Qc1 Re8 27. Ka2 Bg5 28. Qd1 Bf6 29. Qc1 Bg5 30. Qd1 Bf6 31. c3 Qe2 32. Qd6 Qe7 33. Qf4 Bg5 34. Qh2 h5 35. Rd1 Rd8 36. Rxd8+ Qxd8 37. Qe5 Qe7 38. Qxe7 Bxe7 39. Bd5 Kf8 40. b4 Ke8 41. Kb3 g5 42. c4 f5 43. c5 g4 44. Kc4 Kd8 45. b5 Kc7 46. a4 h4 47. fxg4 fxg4 48. a5 Kb8 49. b6 Bg5 50. Kb5 Be3 51. c6 axb6 52. axb6 Bf4 53. Be6 h3 54. gxh3 gxh3 55. Bxh3 Bg3 56. Bd7 Bf4 57. Kc4 Bg3 58. Kd5 Bh2 59. Ke6 Bg3 60. Kd5 1-0